000 00883nam a2200289Ia 4500
001 Para_6099
003 CHAP
008 220125s1979 xx 000 0 und d
010 _a204879
040 _cCHAP
082 _aPA 589.225 L46
100 _aLeón Gallegos, Hector M.
_9153124
245 _aDescripción de uredinales (royas) de México en las compuestas /
_c por Hector M. León Gallegos, George B. Cummins
260 _aMéxico :
_b INIA. CIAPAN
300 _a154 p.
650 _aCompuestas
_926116
650 _aUredinales
_9116893
700 _aCunnins, George B.
_9170815
710 _aInstituto Nacional de Investigaciones Agrícolas (México) CIAPAN
_9169546
901 _aPA 589.225 L46
902 _aA
905 _a0000001979 a 0000000000 00
910 _a1979
942 _cPARA
942 _cPARA
_d1
999 _c204879
_d204879